Podiums Moto2 - Statistiques

Statistiques générales
  • Ce quiz a été pris 10 fois
    5 depuis la dernière actualisation
  • Le résultat moyen est 66 sur 90
Statistiques - réponses
Podium 1er podium Pilotes Pays % Correct
19 Autriche 2021 Ai Ogura Japon
100%
1 Catalogne 2011 Aleix Espargaro Espagne
100%
7 Malaisie 2010 Alex De Angelis Saint-Marin
100%
23 Aragon 2016 Alex Marquez Espagne
100%
19 Mugello 2010 Andrea Iannone Italie
100%
34 Portimao 2021 Aron Canet Espagne
100%
20 Jerez 2019 Augusto Fernandez Espagne
100%
8 Qatar 2024 Barry Baltus Belgique
100%
15 Phillip Island 2017 Brad Binder Afrique du Sud
100%
13 Qatar 2022 Celestino Vietti Italie
100%
5 Autriche 2025 Daniel Holgado Espagne
100%
5 Silverstone 2025 David Alonso Colombie
100%
10 Solidarité GP 2024 Diogo Moreira Brésil
100%
7 Valence 2011 Dominique Aegerter Suisse
100%
8 Brno 2019 Enea Bastianini Italie
100%
33 Indianapolis 2011 Esteve Rabat Espagne
100%
8 Brno 2019 Fabio Di Giannantonio Italie
100%
2 Catalogne 2018 Fabio Quartararo France
100%
12 Silverstone 2023 Fermin Aldeguer Espagne
100%
16 Jerez 2017 Francesco Bagnaia Italie
100%
21 Indianapolis 2015 Franco Morbidelli Italie
100%
22 COTA 2022 Jake Dixon Royaume-Uni
100%
4 Le Mans 2018 Joan Mir Espagne
100%
9 Brno 2020 Joe Roberts Etats-Unis
100%
30 Mugello 2013 Johann Zarco France
100%
8 Japon 2019 Jorge Martin Espagne
100%
12 Phillip Island 2015 Lorenzo Baldassarri Italie
100%
15 Mugello 2019 Luca Marini Italie
100%
3 Argentine 2014 Luis Salom Espagne
100%
15 Qatar 2023 Manuel Gonzalez Espagne
100%
25 Le Mans 2011 Marc Marquez Espagne
100%
9 COTA 2014 Maverick Viñales Espagne
100%
21 Argentine 2017 Miguel Oliveira Portugal
100%
16 Valence 2011 Mika Kallio Finlande
100%
19 Mugello 2022 Pedro Acosta Espagne
100%
23 Indianapolis 2011 Pol Espargaro Espagne
100%
12 Doha 2021 Raul Fernandez Espagne
100%
17 Argentine 2019 Remy Gardner Australie
100%
26 COTA 2015 Sam Lowes Royaume-Uni
100%
3 Brno 2014 Sandro Cortese Allemagne
100%
6 Indonésie 2022 Somkiat Chantra Thaïlande
100%
12 Estoril 2010 Stefan Bradl Allemagne
100%
53 Jerez 2010 Tom Luthi Suisse
100%
8 Jerez 2010 Toni Elias Espagne
100%
4 Le Mans 2013 Xavier Simeon Belgique
100%
2 Catalogne 2023 Albert Arenas Espagne
50%
1 Estoril 2010 Alex Baldolini Italie
50%
1 Qatar 2010 Alex Debon Espagne
50%
17 COTA 2015 Alex Rins Espagne
50%
16 Silverstone 2022 Alonso Lopez Espagne
50%
1 Assen 2014 Anthony West Australie
50%
1 COTA 2023 Bo Bendsneyder Pays-Bas
50%
3 Silverstone 2011 Bradley Smith Royaume-Uni
50%
1 Le Mans 2012 Claudio Corti Italie
50%
1 Portimao 2025 Collin Veijer Pays-Bas
50%
1 Catalogne 2025 Daniel Munoz Espagne
50%
4 Aragon 2024 Deniz Öncü Turquie
50%
3 Thaïlande 2022 Filip Salac Tchéquie
50%
1 Aragon 2010 Gabor Talmacsi Hongrie
50%
1 Malaisie 2012 Gino Rea Royaume-Uni
50%
3 Malaisie 2012 Hafizh Syahrin Malaisie
50%
2 Valence 2018 Iker Lecuona Espagne
50%
3 Malaisie 2024 Izan Guevara Espagne
50%
11 Jerez 2014 Jonas Folger Allemagne
50%
3 Sachsenring 2013 Jordi Torres Espagne
50%
11 COTA 2019 Jorge Navarro Espagne
50%
2 Qatar 2010 Jules Cluzel France
50%
12 Le Mans 2010 Julian Simon Espagne
50%
2 Japon 2010 Karel Abraham Tchéquie
50%
1 Assen 2011 Kenan Sofuoglu Turquie
50%
5 Misano 2018 Marcel Schrotter Allemagne
50%
14 Andalousie 2020 Marco Bezzecchi Italie
50%
4 Mugello 2017 Mattia Pasini Italie
50%
2 Silverstone 2011 Michele Pirro Italie
50%
5 Valence 2012 Nicolas Terol Espagne
50%
14 Indianapolis 2010 Scott Redding Royaume-Uni
50%
5 Phillip Island Senna Agius Australie
50%
1 Mugello 2010 Sergio Gadea Espagne
50%
5 Qatar 2024 Sergio Garcia Espagne
50%
2 Qatar 2010 Shoya Tomizawa Japon
50%
9 Le Mans 2010 Simone Corsi Italie
50%
14 Qatar 2013 Takaaki Nakagami Japon
50%
2 Qatar 2020 Tetsuta Nagashima Japon
50%
17 COTA 2022 Tony Arbolino Italie
50%
4 Argentine 2017 Xavi Vierge Espagne
50%
4 Catalogne 2010 Yuki Takahashi Japon
50%
1 Valence 2020 Hector Garzo Espagne
0%
1 Valence 2025 Ivan Ortola Espagne
0%
2 Malaisie 2023 Marcos Ramirez Espagne
0%
2 Sachsenring 2010 Roberto Rolfo Italie
0%
Aucun quiz correspondant
Distribution des résultats
% des personnes avec chaque résultat
Percentile par nombre de réponses
Votre historique - résultats
Vous n’avez pas pris ce quiz depuis la dernière actualisation